Ricostruisci la Carriera del Calciatore - Robinho - Statistics

Statistiche generali
  • Questo quiz è stato fatto 6 volte
  • Il punteggio medio è 4 su 11
Statistiche sulle risposte
Hint Risposta % Corretto
2002-2005 Santos
100%
2015-2016 Guangzhou E.
50%
2019-2020 İstanbul Başakşehir
50%
2008-2010 Manchester City
50%
2005-2008 Real Madrid
50%
2016-2018 Atlético Mineiro
25%
2010-2014 Milan
25%
2020 Santos
25%
2018-2019 Sivasspor
25%
2010 Santos
0%
2014-2015 Santos
0%
Nessun quiz corrispondente trovato
Distribuzione punteggi
Percentuale di utenti per punteggio
Percentile per numero di risposta
I tuoi punteggi nel tempo
Non hai fatto questo quiz